Mozart: Serenade in C minor /
This edition of Walofgang Amadeus Mozart´s Serenade in C minor is identical with the Urtext of the ´New Mozart Edition´. With this reliable material reflecting the very latest in Mozart research, players have the opportunity to render performances faithful to the original.
| Korporativní autor: | |
|---|---|
| Médium: | Kniha |
| Jazyk: | Spanish English |
| Vydáno: |
Bärenreiter:
Bärenreiter-Verlag Karl Vötterle GmbH & Co. KG,
1979.
|
| Témata: |
MARC
| LEADER | 00000cam a2200000 i 4500 | ||
|---|---|---|---|
| 003 | Ucuenca | ||
| 005 | 20231020091726.0 | ||
| 006 | a|||||r|||| 001 0 | ||
| 007 | ta | ||
| 008 | 231017b1979 gw g | |||| 001 0 spa | ||
| 020 | |a M-006-46801-0 | ||
| 040 | |a UCuenca-cdrjvc |b spa |c UCuenca |e rda | ||
| 041 | |a eng | ||
| 082 | 0 | |2 22 |a 788 |c asi384 | |
| 110 | 2 | |9 310609 |a Bärenreiter. | |
| 245 | |a Mozart: |b Serenade in C minor / |c Bärenreiter. | ||
| 264 | 1 | |a Bärenreiter: |b Bärenreiter-Verlag Karl Vötterle GmbH & Co. KG, |c 1979. | |
| 264 | 4 | |c ®1979 | |
| 300 | |b par |c 30 cm | ||
| 336 | |2 rdacontent |a texto |b txt | ||
| 337 | |2 rdamedia |a no mediado |b n | ||
| 338 | |2 rdacarrier |a volumen |b nc | ||
| 520 | 3 | |a This edition of Walofgang Amadeus Mozart´s Serenade in C minor is identical with the Urtext of the ´New Mozart Edition´. With this reliable material reflecting the very latest in Mozart research, players have the opportunity to render performances faithful to the original. | |
| 650 | 1 | 7 | |2 UCuenca-cdrjbv |9 75334 |a Partitura |
| 650 | 1 | 7 | |2 UCuenca-cdrjbv |9 60877 |a Compositor |
| 651 | |2 UCuenca-cdrjbv | ||
| 942 | |2 ddc |c MU |z jessicap.torres@ucuenca.edu.ec | ||
| 999 | |c 162817 |d 162817 | ||